000 02411nam0a2200433 4500
001 RU\NLR\BIBL_A\012640035
005 20220201104327.0
010 _a978-5-91976-157-0
_92000
021 _aRU
_bКН-П-21-045363
_9КН-П-21-3577
035 _a(NLR Aleph) 012640035
090 _a12692783
_c12692783
100 _a20211110d2020 u y0rusy50 ca
101 1 _arus
_ceng
102 _aRU
105 _aac||z|||001zy
181 0 _ai2
_bab2e
181 0 _ab2
_bbb2e
182 0 _an
200 1 _aБегущим в гору
_eруководство по тренировкам для трейлраннеров и ски-альпинистов
_fСтив Хаус, Скотт Джонстон, Килиан Жорнет
_gперевод с английского: Светлана Пянковская, Светлана Таскаева
_gредактор: Елена Дмитренко
_g[Библиотека Спорт-Марафон]
203 _aТекст
_aИзображение
_bвизуальные
_cнепосредственные
210 _aМосква
_cБиблиотека Спорт-Марафон
_d2020
215 _a376 с.
_cцв. ил., портр.
_d24
300 _aНа доп. тит. л. загл. и авт.: Training for the uphill athlete / Stive House, Scott Johnston, Kilian Jornet
300 _aНа клапане 4-й с. обл. авт.: Стив Хаус, альпинист, горн. гид, Скотт Джонстон, тренер, Килиан Жорнет, профессиональный скайраннер и трейлраннер, ски-альпинист
320 _aАлф. указ.: с. 369-376
513 1 _6z73790
_aTraining for the uphill athlete
606 1 _aТрейлраннинг
_xТренировка
_jРуководства, пособия и т.п
_2nlr_sh2
_3RU\NLR\AUTH\6601697895
606 1 _aСки-альпинизм
_xТренировка
_jРуководства, пособия и т.п
_2nlr_sh2
_3RU\NLR\AUTH\6601697896
686 1 _aЧ517.115.589трейл.15я7
686 1 _aЧ518.29ски.1.5я7
700 1 _aХаус
_bС.
_gСтив
701 1 _aДжонстон
_bС.
_gСкотт
701 1 _aЖорнет
_bК.
_f1987-
_gКилиан
790 1 _6z73513
_aHouse
_bS.
_gStive
942 _cBOOK
980 _aNBR
980 _aNB